000
00224 a2200097 4500
001
42187
100
_a
Nicholls, H J
245
_a
Encyclopaedia of Model Aircraft
260
_a
_b
Octopus Books Ltd
_c
090
_c
26174
_d
26174
942
_a
NUST-CAE
_c
M
_c
17974
999
_c
277260
_d
277260